Atlas of the North American Indian (Record no. 6909)
[ view plain ]
| 000 -LEADER | |
|---|---|
| fixed length control field | 00632nam a2200217 4500 |
| 001 - CONTROL NUMBER | |
| control field | 8025 |
| 005 - DATE AND TIME OF LATEST TRANSACTION | |
| control field | 20181127184924.0 |
| 008 - FIXED-LENGTH DATA ELEMENTS--GENERAL INFORMATION | |
| fixed length control field | 891011r19891985nyuab b 00110 eng d |
| 020 ## - INTERNATIONAL STANDARD BOOK NUMBER | |
| International Standard Book Number | 0816021368 : |
| 082 0# - DEWEY DECIMAL CLASSIFICATION NUMBER | |
| Classification number | 970.00497 |
| 100 1# - MAIN ENTRY--PERSONAL NAME | |
| Personal name | Waldman, Carl, |
| Dates associated with a name | 1947- |
| 245 10 - TITLE STATEMENT | |
| Title | Atlas of the North American Indian |
| Statement of responsibility, etc. | Carl Waldman |
| 260 ## - PUBLICATION, DISTRIBUTION, ETC. | |
| Place of publication, distribution, etc. | New York, N.Y. : |
| Name of publisher, distributor, etc. | Facts on File, Inc |
| Date of publication, distribution, etc. | 1984 |
| 300 ## - PHYSICAL DESCRIPTION | |
| Extent | 276 p. |
| Other physical details | Illus. ; Biblio |
| Dimensions | cm. |
| 500 ## - GENERAL NOTE | |
| General note | Includes index. |
| General note | Index |
| 504 ## - BIBLIOGRAPHY, ETC. NOTE | |
| Bibliography, etc. note | Bibliography: p. 266-267. |
| 650 #0 - SUBJECT ADDED ENTRY--TOPICAL TERM | |
| Topical term or geographic name entry element | Indians of North America |
| Form subdivision | Maps. |
| 700 1# - ADDED ENTRY--PERSONAL NAME | |
| Personal name | Braun, Molly. |
| Withdrawn status | Lost status | Source of classification or shelving scheme | Damaged status | Not for loan | Collection code | Home library | Current library | Shelving location | Serial Enumeration / chronology | Inventory number | Total Checkouts | Full call number | Barcode | Date last seen | Price effective from | Koha item type |
|---|---|---|---|---|---|---|---|---|---|---|---|---|---|---|---|---|
| Dewey Decimal Classification | Main TEST | RTC Library | RTC Library | Main opac | 12112 | 970 WAL | 30011652 | 27/11/2018 | 27/11/2018 | Main |